000 00625nam a2200217 i 4500
001 bg
100 1 _aANDRZEJCZAK, Karol
245 0 0 _aStatystyka elementarna :
_bz wykorzystaniem systemu Statgraphics /
_cKarol Andrzejczak.
260 _aPoznań :
_bWydaw. Politechniki Poznańskiej,
_c1997.
300 _a259 s. :
_bwykr. ;
_c24 cm.
504 _aBibliogr. s. 257-259.
650 9 _aStatystyka
655 _aPodręczniki akademickie
020 _a8371431791
040 _cBPK
041 0 _apl
080 _a311:519.2](075.8)
920 _a83-7143-179-1
942 _cKS
008 s pl f |000 0 pol
999 _c32608
_d32608
856 _uhttp://koha.tu.koszalin.pl/cgi-bin/koha/opac-detail.pl?biblionumber=32608
_yKatalog online BPK